[Event "4NCL Online Division 1"]
[Site "online"]
[Date "2020.04.07"]
[Round "1.122"]
[White "Brewer, Callum D"]
[Black "Moreby, James"]
[Result "0-1"]
[WhiteElo "2230"]
[BlackElo "2365"]
[PlyCount "88"]
[EventDate "2020.04.07"]
[WhiteTeam "Sussex Auguries"]
[BlackTeam "Northumbria Vikings"]

1. e4 c5 2. c3 Nf6 3. e5 Nd5 4. d4 cxd4 5. cxd4 d6 6. Nf3 Nc6 7. Bc4 Nb6 8. Bb3
d5 9. Nh4 g6 10. h3 Bg7 11. O-O O-O 12. Nc3 f6 13. f4 e6 14. Nf3 Bd7 15. a3 Rc8
16. Na4 Nxa4 17. Bxa4 Qb6 18. Rf2 Be8 19. Bxc6 Rxc6 20. Bd2 fxe5 21. fxe5 Rf7
22. Bc3 h6 23. Qd2 g5 24. Raf1 Rf5 25. Nh2 Bg6 26. Ng4 Qd8 27. Rxf5 exf5 28.
Nf2 f4 29. Nd3 Bf8 30. h4 Qc8 31. Qe2 Bxa3 32. Ra1 Rxc3 33. bxc3 Qxc3 34. Rd1
Qxd4+ 35. Nf2 Qe3 36. Qg4 Bc5 37. Qc8+ Kg7 38. Qxb7+ Bf7 39. Qb2 d4 40. hxg5
hxg5 41. Rd3 Qxe5 42. Rh3 g4 43. Rh4 g3 44. Rg4+ Kf8 0-1

[Event "4NCL Online Division 1"]
[Site "online"]
[Date "2020.04.07"]
[Round "1.123"]
[White "Han, Yichen"]
[Black "Payne, Matthew J"]
[Result "1-0"]
[WhiteElo "2357"]
[BlackElo "2177"]
[PlyCount "57"]
[EventDate "2020.04.07"]
[WhiteTeam "Northumbria Vikings"]
[BlackTeam "Sussex Auguries"]

1. e4 e6 2. d4 d5 3. Nc3 Bb4 4. a3 Bxc3+ 5. bxc3 Nf6 6. e5 Nfd7 7. Qg4 Kf8 8.
a4 c5 9. f4 Qa5 10. Bd2 c4 11. Be2 Nc6 12. Nf3 Nb6 13. O-O Nxa4 14. Qh5 h6 15.
Ng5 g6 16. Qh4 Nxd4 17. cxd4 Qxd2 18. Bg4 Qxd4+ 19. Kh1 Nc5 20. Nxf7 Kxf7 21.
Qf6+ Kg8 22. Qxg6+ Kf8 23. Bh5 Ke7 24. Qg7+ Kd8 25. Qxh8+ Kc7 26. Rad1 Qe4 27.
Qf8 b6 28. Qd6+ Kb7 29. Be8 1-0

[Event "4NCL Online Division 1"]
[Site "online"]
[Date "2020.04.07"]
[Round "1.124"]
[White "Willson, Ollie"]
[Black "Turner, Max N"]
[Result "1-0"]
[WhiteElo "2147"]
[BlackElo "2342"]
[PlyCount "99"]
[EventDate "2020.04.07"]
[WhiteTeam "Sussex Auguries"]
[BlackTeam "Northumbria Vikings"]

1. d4 d5 2. c4 e6 3. Nf3 Nf6 4. g3 Bb4+ 5. Bd2 Bd6 6. Bg2 c6 7. O-O O-O 8. b3
Nbd7 9. Nc3 b6 10. Qc2 Bb7 11. e4 Nxe4 12. Nxe4 dxe4 13. Qxe4 Nf6 14. Qd3 c5
15. Rad1 Be4 16. Qe2 cxd4 17. Nxd4 Bxg2 18. Kxg2 Qc7 19. Qf3 a6 20. Bg5 Nd7 21.
Qc6 Ne5 22. Qxc7 Bxc7 23. Rfe1 Rac8 24. f4 Ng6 25. f5 exf5 26. Nxf5 h6 27. Be3
Rcd8 28. Bd4 f6 29. h4 h5 30. c5 bxc5 31. Bxc5 Rxd1 32. Rxd1 Rd8 33. Rxd8+ Bxd8
34. Kf3 Kf7 35. Ke4 Bc7 36. Kd5 Ne5 37. b4 Nd3 38. Nd6+ Ke7 39. Nb5+ Nxc5 40.
Nxc7 Kd7 41. bxc5 Kxc7 42. Ke6 Kc6 43. Kf7 Kxc5 44. Kxg7 Kb4 45. Kg6 Ka3 46.
Kxh5 Kxa2 47. Kg6 a5 48. h5 a4 49. h6 a3 50. h7 1-0

[Event "4NCL Online Division 1"]
[Site "online"]
[Date "2020.04.07"]
[Round "1.131"]
[White "Cooper, Gavyn"]
[Black "Kanellopoulos, Panayotis"]
[Result "0-1"]
[WhiteElo "2230"]
[BlackElo "2265"]
[PlyCount "114"]
[EventDate "2020.04.07"]
[WhiteTeam "Shropshire 1"]
[BlackTeam "Anglian Avengers 1"]

1. d4 Nf6 2. Nf3 g6 3. c4 Bg7 4. Nc3 O-O 5. e4 d6 6. Be2 Na6 7. h3 e5 8. d5 Nc5
9. Qc2 a5 10. Be3 b6 11. Nd2 Bd7 12. g4 a4 13. Nf1 c6 14. Ng3 cxd5 15. cxd5 Ra5
16. O-O b5 17. Rfc1 b4 18. Nd1 Qb8 19. Qb1 Rc8 20. f3 Ne8 21. Nf2 Bf6 22. Nf1
Nc7 23. Nd2 Nb5 24. Kg2 Ra8 25. Nc4 Nd4 26. Bf1 b3 27. Bxd4 bxa2 28. Rxa2 exd4
29. b4 Nb3 30. Rcc2 Qxb4 31. Nd3 Qb8 32. f4 Bg7 33. Qe1 Bb5 34. Nb4 Bxc4 35.
Bxc4 Nc5 36. Nc6 Qc7 37. Rd2 Re8 38. Re2 a3 39. Kf3 Qb7 40. e5 dxe5 41. fxe5
Ra4 42. Qc1 d3 43. Re1 Nd7 44. Qc3 Nxe5+ 45. Nxe5 Rxe5 46. Rxe5 Bxe5 47. Qxe5
Rxc4 48. Rxa3 d2 49. Rd3 d1=Q+ 50. Rxd1 Qb3+ 51. Kf2 Qxd1 52. Qe8+ Kg7 53. Qe5+
f6 54. Qe7+ Kh6 55. Qf8+ Kg5 56. h4+ Kxg4 57. Qc8+ Rxc8 0-1

[Event "4NCL Online Division 1"]
[Site "online"]
[Date "2020.04.07"]
[Round "1.132"]
[White "Talsma, Paul"]
[Black "Paul, Nathanael"]
[Result "1-0"]
[WhiteElo "2177"]
[BlackElo "2117"]
[PlyCount "41"]
[EventDate "2020.04.07"]
[WhiteTeam "Anglian Avengers 1"]
[BlackTeam "Shropshire 1"]

1. d4 d5 2. c4 c6 3. Nf3 Nf6 4. Nc3 dxc4 5. a4 Bf5 6. Ne5 Nbd7 7. Nxc4 Nb6 8.
Ne5 e6 9. a5 Nbd7 10. a6 b5 11. Nxd7 Qxd7 12. f3 Bb4 13. e4 Bxe4 14. fxe4 Nxe4
15. Qd3 f5 16. Be2 Rd8 17. O-O Qxd4+ 18. Qxd4 Rxd4 19. Be3 Bxc3 20. bxc3 Nxc3
21. Bh5+ 1-0

[Event "4NCL Online Division 1"]
[Site "online"]
[Date "2020.04.07"]
[Round "1.133"]
[White "Hurney, Kevin"]
[Black "Lewis, Andrew P"]
[Result "0-1"]
[WhiteElo "2050"]
[BlackElo "2243"]
[PlyCount "86"]
[EventDate "2020.04.07"]
[WhiteTeam "Shropshire 1"]
[BlackTeam "Anglian Avengers 1"]

1. e4 c5 2. Nf3 Nc6 3. c4 e5 4. Nc3 d6 5. d3 g6 6. Bg5 f6 7. Bd2 Bg7 8. a3 Nge7
9. h4 Bg4 10. Be2 h5 11. Nh2 Bxe2 12. Nxe2 Qd7 13. Nf3 O-O 14. Rh3 f5 15. exf5
Nxf5 16. Nc3 Rab8 17. Rb1 a6 18. Ne4 b5 19. Nfg5 b4 20. axb4 cxb4 21. g4 Nfd4
22. gxh5 Qf5 23. hxg6 Qxg6 24. Qg4 Rf4 25. Bxf4 exf4 26. h5 Qh6 27. Qd7 Ne5 28.
Qxd6 Qxd6 29. Nxd6 Bh6 30. Nde4 Kh8 31. Kd2 Rg8 32. Rg1 Bxg5 33. Nxg5 Rxg5 34.
Rxg5 Nef3+ 35. Kc1 Nxg5 36. Rh4 Ngf3 37. Rg4 Ne5 38. Rh4 b3 39. Kb1 Nxd3 40.
Rg4 Nf3 41. c5 Nd2+ 42. Ka1 Nb4 43. Rxf4 Nc2# 0-1

[Event "4NCL Online Division 1"]
[Site "online"]
[Date "2020.04.07"]
[Round "1.134"]
[White "Zabrocki, Philip"]
[Black "White, Russell P"]
[Result "1-0"]
[WhiteElo "1997"]
[BlackElo "2117"]
[PlyCount "47"]
[EventDate "2020.04.07"]
[WhiteTeam "Shropshire 1"]
[BlackTeam "Anglian Avengers 1"]

1. e4 e5 2. f4 Bc5 3. Nf3 d6 4. Nc3 Nc6 5. Bc4 Nf6 6. d3 a6 7. Nd5 Ng4 8. Qe2
Bf2+ 9. Kf1 Nd4 10. Nxd4 Bxd4 11. c3 Ba7 12. f5 Qh4 13. Nxc7+ Kd8 14. Nxa8
Nxh2+ 15. Rxh2 Qxh2 16. Be3 Qh1+ 17. Kf2 Bxe3+ 18. Qxe3 Qxa1 19. Qg5+ Ke8 20.
Qxg7 Qxb2+ 21. Kf3 Rf8 22. Nc7+ Kd8 23. Nd5 Re8 24. Qf6+ {Game played with
incorrect colours.} 1-0

[Event "4NCL Online Division 1"]
[Site "online"]
[Date "2020.04.07"]
[Round "1.141"]
[White "Mitchell, Martin"]
[Black "Berry, Neil"]
[Result "1-0"]
[WhiteElo "2190"]
[BlackElo "2255"]
[PlyCount "107"]
[EventDate "2020.04.07"]
[WhiteTeam "Spirit of Atticus"]
[BlackTeam "Alba"]

1. d4 d5 2. c4 e6 3. Nc3 Be7 4. cxd5 exd5 5. Bf4 Nf6 6. e3 Bf5 7. Qb3 Nc6 8.
Qxb7 Nb4 9. Bb5+ Kf8 10. Kd2 a6 11. Ba4 Nd3 12. Bxc7 Qc8 13. Qxc8+ Rxc8 14. Ba5
Nxb2 15. Bb3 Nc4+ 16. Bxc4 Rxc4 17. Nge2 Bb4 18. Bxb4+ Rxb4 19. Rhc1 Rb2+ 20.
Ke1 Ke7 21. Na4 Rb4 22. Nc5 a5 23. Na6 Rb6 24. Rc7+ Kd6 25. Ra7 Rc8 26. Nc5 Nd7
27. Rxa5 Nxc5 28. dxc5+ Rxc5 29. Rxc5 Kxc5 30. Nd4 Bd7 31. Nb3+ Kd6 32. Kd2 Rb4
33. Rc1 Ba4 34. Kc3 Rg4 35. g3 h5 36. Nd4 h4 37. Rb1 hxg3 38. hxg3 Rg6 39. Rb6+
Ke5 40. Rxg6 fxg6 41. Kb4 Bd7 42. a4 Ke4 43. a5 Bc8 44. Kb5 Kd3 45. a6 Bxa6+
46. Kxa6 Kd2 47. Kb5 Ke1 48. Kc5 Kxf2 49. Nc2 Kxg3 50. Kxd5 g5 51. e4 g4 52.
Ne3 Kf3 53. Nxg4 Kxg4 54. e5 1-0

[Event "4NCL Online Division 1"]
[Site "online"]
[Date "2020.04.07"]
[Round "1.142"]
[White "MacQueen, Calum"]
[Black "Ackley, Peter J E"]
[Result "1/2-1/2"]
[WhiteElo "2206"]
[BlackElo "2014"]
[PlyCount "132"]
[EventDate "2020.04.07"]
[WhiteTeam "Alba"]
[BlackTeam "Spirit of Atticus"]

1. d4 d6 2. Nf3 g6 3. e4 Bg7 4. Nc3 Nf6 5. h3 O-O 6. Be3 c6 7. a4 Qc7 8. a5
Nbd7 9. Be2 Rb8 10. O-O b5 11. axb6 axb6 12. Qd2 b5 13. Bd3 e5 14. dxe5 dxe5
15. Rfd1 Re8 16. Bh6 Nc5 17. Bxg7 Kxg7 18. Qe3 Ne6 19. Ra7 Rb7 20. Rxb7 Bxb7
21. b4 Ra8 22. Kh2 Nd7 23. Ne2 f6 24. Nc1 Ra3 25. Nb3 Bc8 26. Qe1 Nf4 27. Qc3
Qb6 28. Kg1 Ne6 29. Ra1 Rxa1+ 30. Qxa1 Bb7 31. Qa5 Kf8 32. Qxb6 Nxb6 33. Na5
Nd8 34. Nd2 Ke7 35. Ndb3 Nd7 36. Kf1 Kd6 37. c3 Bc8 38. Ke2 Ne6 39. Ke3 Nf4 40.
Bf1 Ne6 41. g3 Nb6 42. Be2 Na4 43. c4 bxc4 44. Nxc4+ Kc7 45. f4 exf4+ 46. gxf4
Nd8 47. h4 Be6 48. Kd4 Bf7 49. f5 gxf5 50. exf5 Nb6 51. Nxb6 Bxb3 52. Nc4 Bxc4
53. Bxc4 Kd6 54. Ke4 Ke7 55. Kf4 Nf7 56. Bxf7 Kxf7 57. Ke4 Ke7 58. Kd4 Kd6 59.
h5 h6 60. Kc4 Kd7 61. Kc5 Kc7 62. Kc4 Kd7 63. Kd4 Kd6 64. Kc4 Kd7 65. Kc5 Kc7
66. Kd4 Kd6 1/2-1/2

[Event "4NCL Online Division 1"]
[Site "online"]
[Date "2020.04.07"]
[Round "1.143"]
[White "Phillips, David A"]
[Black "Grassie, Duncan"]
[Result "1/2-1/2"]
[WhiteElo "2050"]
[BlackElo "2065"]
[PlyCount "122"]
[EventDate "2020.04.07"]
[WhiteTeam "Spirit of Atticus"]
[BlackTeam "Alba"]

1. Nf3 Nf6 2. g3 g6 3. Bg2 Bg7 4. O-O O-O 5. d4 d5 6. c4 dxc4 7. Ne5 c6 8. Nxc4
Be6 9. Ne5 Nbd7 10. Nd3 Bd5 11. f3 Nb6 12. e4 Be6 13. Be3 Qc8 14. Nf4 Nc4 15.
Bc1 Bd7 16. b3 Nb6 17. Bb2 Rd8 18. Na3 g5 19. Nd3 Bh3 20. Rc1 Bxg2 21. Kxg2 g4
22. Ne5 Nxe4 23. fxe4 Bxe5 24. Rf5 Bg7 25. Qxg4 Rd6 26. Rg5 Qxg4 27. Rxg4 e5
28. d5 Re8 29. Nc4 Nxc4 30. bxc4 cxd5 31. cxd5 Ra6 32. a3 Kf8 33. Rh4 h6 34.
Rh5 Rb6 35. Bc3 Kg8 36. Bb4 Kh7 37. Rf5 f6 38. Rc7 Kg6 39. d6 Rd8 40. d7 Kf7
41. Rf2 Bf8 42. Bxf8 Kxf8 43. Rd2 Ke7 44. Rd3 a5 45. Kf3 a4 46. Kg4 Rb2 47. h4
b5 48. Rb7 b4 49. axb4 Rb3 50. Rd2 a3 51. Ra7 Rb2 52. Rd3 a2 53. Rda3 Rxd7 54.
Rxa2 Rxb4 55. Kf5 Rb3 56. Rxd7+ Kxd7 57. Ra7+ Ke8 58. Ke6 Rb6+ 59. Kf5 Rb3 60.
Ke6 Rb6+ 61. Kf5 Rb3 1/2-1/2

[Event "4NCL Online Division 1"]
[Site "online"]
[Date "2020.04.07"]
[Round "1.144"]
[White "Roy, Ali"]
[Black "Buckley, Colm"]
[Result "0-1"]
[WhiteElo "1878"]
[BlackElo "1920"]
[PlyCount "136"]
[EventDate "2020.04.07"]
[WhiteTeam "Alba"]
[BlackTeam "Spirit of Atticus"]

1. Nf3 Nf6 2. g3 b6 3. Bg2 Bb7 4. O-O c5 5. c4 g6 6. Nc3 Bg7 7. d4 cxd4 8. Nxd4
Bxg2 9. Kxg2 O-O 10. e4 Nc6 11. Nxc6 dxc6 12. Qe2 e5 13. b4 a6 14. Bb2 Qe7 15.
a3 Rfd8 16. Rfd1 b5 17. Rab1 Rd4 18. cxb5 axb5 19. f3 Rxd1 20. Rxd1 Nd7 21. Qe3
Ra6 22. Nb1 Nb6 23. Nd2 Bf8 24. Qc3 Nd7 25. Nb3 f6 26. Bc1 Qe6 27. Nd2 Nb6 28.
Qb3 Qxb3 29. Nxb3 Ra8 30. Na5 Rc8 31. Be3 c5 32. bxc5 Bxc5 33. Bxc5 Rxc5 34.
Rd6 Nc4 35. Rd8+ Kf7 36. Nb3 Rc7 37. Kf2 Nxa3 38. Rb8 Rc2+ 39. Kg1 Rc3 40. Rb7+
Ke6 41. Nd2 h5 42. Kf2 Rc2 43. Ke3 Nc4+ 44. Nxc4 bxc4 45. Rb6+ Ke7 46. h4 Rc3+
47. Ke2 Rb3 48. Rc6 c3 49. g4 Kf7 50. gxh5 gxh5 51. Rc7+ Kg6 52. Kd1 c2+ 53.
Rxc2 Rxf3 54. Rg2+ Kf7 55. Ke2 Rf4 56. Kd3 Rxh4 57. Rb2 Rg4 58. Rb7+ Kg6 59.
Ke3 h4 60. Kf3 Rf4+ 61. Ke3 Kg5 62. Rg7+ Kh5 63. Rg8 h3 64. Rh8+ Kg4 65. Rg8+
Kh4 66. Rh8+ Kg3 67. Rg8+ Rg4 68. Rh8 h2 0-1

[Event "4NCL Online Division 1"]
[Site "online"]
[Date "2020.04.07"]
[Round "1.151"]
[White "Rudd, Jack"]
[Black "Gormally, Daniel W"]
[Result "0-1"]
[WhiteElo "2331"]
[BlackElo "2575"]
[PlyCount "76"]
[EventDate "2020.04.07"]
[WhiteTeam "West is Best 1"]
[BlackTeam "Blackthorne Russia"]

1. d4 Nf6 2. c4 g6 3. Nc3 d5 4. cxd5 Nxd5 5. e4 Nxc3 6. bxc3 Bg7 7. Nf3 c5 8.
Be2 Nc6 9. Be3 Bg4 10. d5 Bxf3 11. gxf3 Bxc3+ 12. Kf1 Bxa1 13. Qxa1 Nd4 14.
Bb5+ Kf8 15. Bxd4 cxd4 16. Qxd4 f6 17. Kg2 Qd6 18. Qa4 Kg7 19. Bd7 a6 20. Be6
b5 21. Qa5 Rhb8 22. Rc1 Rb7 23. Rc6 Qf4 24. Bc8 Rbb8 25. Bxa6 b4 26. Qc5 Re8
27. Qxb4 Qg5+ 28. Kf1 Qf4 29. Ke2 Ra7 30. a4 Qxh2 31. Bb5 Rea8 32. Re6 Qc7 33.
Bc6 Rb8 34. Qc5 Rb2+ 35. Kd3 Qf4 36. Qxa7 Qd2+ 37. Kc4 Rb4+ 38. Kc5 Qd4# 0-1

[Event "4NCL Online Division 1"]
[Site "online"]
[Date "2020.04.07"]
[Round "1.152"]
[White "Bates, Richard A"]
[Black "Kett, Tim"]
[Result "1/2-1/2"]
[WhiteElo "2440"]
[BlackElo "2178"]
[PlyCount "132"]
[EventDate "2020.04.07"]
[WhiteTeam "Blackthorne Russia"]
[BlackTeam "West is Best 1"]

1. d4 Nf6 2. Nf3 g6 3. Nbd2 d5 4. e3 Bg7 5. b4 a5 6. b5 c5 7. bxc6 bxc6 8. Ba3
O-O 9. Be2 Ba6 10. c4 Nbd7 11. O-O Re8 12. Rc1 e5 13. Nxe5 Nxe5 14. dxe5 Rxe5
15. Nf3 Re8 16. Nd4 Rc8 17. Qa4 Ne4 18. cxd5 Bxe2 19. Nxe2 Qxd5 20. Rc2 Qb5 21.
Qb3 Rcd8 22. Bc1 Rd3 23. Qxb5 cxb5 24. f3 Nc3 25. Nf4 Rdd8 26. Bd2 b4 27. Kf2
Rd7 28. Ne2 Red8 29. Bxc3 bxc3 30. Rfc1 Rd2 31. Ke1 Rxc2 32. Rxc2 Rb8 33. Nxc3
Bxc3+ 34. Rxc3 Rb2 35. Kf1 Rxa2 36. h4 h5 37. Kg1 a4 38. Kh2 a3 39. Kg3 Kg7 40.
e4 Kf6 41. Rc6+ Ke5 42. Ra6 Kd4 43. Ra7 Kc3 44. Rxf7 Re2 45. Rc7+ Kb2 46. Rb7+
Kc1 47. Ra7 a2 48. Kf4 Rxg2 49. e5 Kb1 50. e6 a1=Q 51. Rxa1+ Kxa1 52. e7 Re2
53. Kg5 Rxe7 54. Kxg6 Kb2 55. Kxh5 Kc3 56. Kg6 Kd4 57. h5 Ke5 58. h6 Re6+ 59.
Kg7 Re7+ 60. Kg6 Re6+ 61. Kg7 Kf5 62. h7 Re7+ 63. Kh6 Re8 64. Kg7 Kf4 65. h8=Q
Rxh8 66. Kxh8 Kxf3 1/2-1/2

[Event "4NCL Online Division 1"]
[Site "online"]
[Date "2020.04.07"]
[Round "1.153"]
[White "Bullen, Alex"]
[Black "Webb, Laurence E"]
[Result "1/2-1/2"]
[WhiteElo "2116"]
[BlackElo "2410"]
[PlyCount "92"]
[EventDate "2020.04.07"]
[WhiteTeam "West is Best 1"]
[BlackTeam "Blackthorne Russia"]

1. Nf3 Nf6 2. g3 d5 3. d4 c6 4. Bg2 Bf5 5. c4 e6 6. Nc3 Nbd7 7. O-O Be7 8. Bf4
h6 9. Qb3 Qb6 10. c5 Qxb3 11. axb3 O-O 12. b4 a6 13. Nd2 g5 14. Bc7 Rac8 15.
Ba5 e5 16. dxe5 Nxe5 17. f4 gxf4 18. Rxf4 Be6 19. Rff1 Nfg4 20. Nd1 Bg5 21. Nf3
Nc4 22. Nxg5 hxg5 23. h3 Nge3 24. Nxe3 Nxe3 25. Rf2 f5 26. Ra3 f4 27. gxf4 gxf4
28. Rd3 Rf7 29. Kh2 Rcf8 30. Rd4 Rg7 31. Bf1 Nxf1+ 32. Rxf1 Rg3 33. Rf3 Rf5 34.
Rxg3+ fxg3+ 35. Kxg3 Re5 36. e4 dxe4 37. Kf4 Rd5 38. Kxe4 Rxd4+ 39. Kxd4 Bxh3
40. Ke5 Kf7 41. Kd6 Bf1 42. Kc7 Ke6 43. Kxb7 Bb5 44. Bd8 Kd5 45. Bf6 Kc4 46.
Bc3 Kb3 1/2-1/2

[Event "4NCL Online Division 1"]
[Site "online"]
[Date "2020.04.07"]
[Round "1.154"]
[White "Duncan, Chris R"]
[Black "Taylor, William J"]
[Result "1-0"]
[WhiteElo "2297"]
[BlackElo "1959"]
[PlyCount "83"]
[EventDate "2020.04.07"]
[WhiteTeam "Blackthorne Russia"]
[BlackTeam "West is Best 1"]

1. Nf3 Nf6 2. c4 g6 3. Nc3 Bg7 4. e4 d6 5. d4 O-O 6. Be2 e5 7. O-O Nc6 8. d5
Ne7 9. b4 a5 10. Ba3 axb4 11. Bxb4 b6 12. a4 Re8 13. Qb3 c5 14. dxc6 Nxc6 15.
Rfd1 Nxb4 16. Qxb4 Bf8 17. Qb1 Nh5 18. Nd5 Nf4 19. Bf1 Nxd5 20. cxd5 f5 21. Bd3
fxe4 22. Bxe4 Bd7 23. Qb4 Ra5 24. Rdb1 Qa8 25. Qxb6 Rxa4 26. Rxa4 Qxa4 27. Qe3
Bh6 28. Qxh6 Qxe4 29. Qxh7+ Kxh7 30. Ng5+ Kg8 31. Nxe4 Bf5 32. Nxd6 Bxb1 33.
Nxe8 Kf7 34. Nd6+ Ke7 35. Nc4 e4 36. h4 Bd3 37. Ne3 Bb5 38. Kh2 Kd6 39. Kg3 Ke5
40. Kg4 Be8 41. Kg5 Bf7 42. g4 1-0

[Event "4NCL Online Division 1"]
[Site "online"]
[Date "2020.04.07"]
[Round "1.161"]
[White "Greet, Andrew N"]
[Black "Zakarian, David"]
[Result "1/2-1/2"]
[WhiteElo "2417"]
[BlackElo "2306"]
[PlyCount "94"]
[EventDate "2020.04.07"]
[WhiteTeam "Wood Green Monarchs"]
[BlackTeam "Oxford 1"]

1. e4 Nc6 2. Nf3 d6 3. d4 Nf6 4. Nc3 Bg4 5. Be3 e5 6. d5 Nb8 7. h3 Bh5 8. Bc4
Be7 9. Qe2 a6 10. a3 b5 11. Ba2 Nbd7 12. g4 Bg6 13. Nd2 Nc5 14. f3 h5 15. g5
Nfd7 16. b4 Na4 17. Nxa4 bxa4 18. h4 f5 19. c4 a5 20. Bb1 O-O 21. exf5 Bxf5 22.
Bxf5 Rxf5 23. Ne4 axb4 24. axb4 Qb8 25. b5 g6 26. O-O a3 27. Qd3 Nb6 28. Ng3
Qc8 29. Nxf5 gxf5 30. f4 e4 31. Qe2 Qe8 32. Rfc1 Bf8 33. Bd4 Ra4 34. Rc3 Nxd5
35. Rcxa3 Nxf4 36. Qf1 Rxa3 37. Rxa3 Ne6 38. Bf6 f4 39. Qh3 d5 40. Ra6 Nc5 41.
Ra1 e3 42. Qf3 Qe4 43. Qxh5 e2 44. Qh8+ Kf7 45. Qh5+ Kg8 46. Qh8+ Kf7 47. Qh5+
Kg8 1/2-1/2

[Event "4NCL Online Division 1"]
[Site "online"]
[Date "2020.04.07"]
[Round "1.162"]
[White "Savage, Ben D M"]
[Black "Fitzsimons, David"]
[Result "0-1"]
[WhiteElo "2273"]
[BlackElo "2334"]
[PlyCount "44"]
[EventDate "2020.04.07"]
[WhiteTeam "Oxford 1"]
[BlackTeam "Wood Green Monarchs"]

1. d4 Nf6 2. c4 g6 3. Nc3 Bg7 4. e4 d6 5. Nf3 O-O 6. Be2 e5 7. O-O exd4 8. Nxd4
Re8 9. f3 c6 10. Nc2 Na6 11. Be3 d5 12. cxd5 cxd5 13. exd5 Nb4 14. Bd4 Nxc2 15.
Qxc2 Nxd5 16. Rad1 Bxd4+ 17. Rxd4 Qb6 18. Qa4 Be6 19. Nxd5 Bxd5 20. Bb5 Red8
21. Kh1 a6 22. Bd7 Rxd7 0-1

[Event "4NCL Online Division 1"]
[Site "online"]
[Date "2020.04.07"]
[Round "1.163"]
[White "York-Weaving, Richard"]
[Black "Smallbone, Kieran D"]
[Result "1-0"]
[WhiteElo "2343"]
[BlackElo "2179"]
[PlyCount "59"]
[EventDate "2020.04.07"]
[WhiteTeam "Wood Green Monarchs"]
[BlackTeam "Oxford 1"]

1. e4 c6 2. d4 d5 3. exd5 cxd5 4. c4 Nf6 5. Nc3 Nc6 6. Bg5 Qa5 7. Qd2 Be6 8.
Nf3 dxc4 9. Bxf6 exf6 10. d5 O-O-O 11. Bxc4 Bb4 12. O-O-O Bg4 13. Kb1 Bxf3 14.
gxf3 Bxc3 15. bxc3 Rd6 16. Bb3 Ne5 17. f4 Nd7 18. Rhe1 Nc5 19. Re7 Rhd8 20. c4
Qxd2 21. Rxd2 R6d7 22. Re3 f5 23. Kb2 Kc7 24. Re5 g6 25. d6+ Kc6 26. Rxc5+ Kxc5
27. Rd5+ Kb6 28. Ba4 Rxd6 29. c5+ Ka5 30. Rxd6 1-0

[Event "4NCL Online Division 1"]
[Site "online"]
[Date "2020.04.07"]
[Round "1.164"]
[White "Hayward, Philip"]
[Black "De Verdier, Michael"]
[Result "0-1"]
[WhiteElo "2080"]
[BlackElo "2302"]
[PlyCount "70"]
[EventDate "2020.04.07"]
[WhiteTeam "Oxford 1"]
[BlackTeam "Wood Green Monarchs"]

1. c4 e6 2. g3 d5 3. Bg2 Nf6 4. Nf3 Be7 5. O-O O-O 6. b3 a5 7. Nc3 d4 8. Nb5 c5
9. e3 Nc6 10. exd4 cxd4 11. Re1 Nd7 12. d3 e5 13. Re2 f6 14. a3 Nc5 15. Rb1 Bf5
16. Ne1 Qd7 17. Qd2 Kh8 18. b4 axb4 19. axb4 Na4 20. Nc2 Nc3 21. Nxc3 dxc3 22.
Qxc3 Qxd3 23. Qxd3 Bxd3 24. Rd2 Rfd8 25. Rb2 Bxc2 26. Bxc6 Bf5 27. Bxb7 Ra1 28.
Rxd8+ Bxd8 29. Kg2 Rxc1 30. Bd5 h5 31. Ra2 Be7 32. Ra8+ Kh7 33. Rb8 Rb1 34. b5
Bc5 35. Bf7 Rb2 0-1

[Event "4NCL Online Division 1"]
[Site "online"]
[Date "2020.04.14"]
[Round "2.11"]
[White "Sreeves, Clement"]
[Black "Han, Yichen"]
[Result "0-1"]
[WhiteElo "2352"]
[BlackElo "2357"]
[PlyCount "132"]
[EventDate "2020.04.14"]
[WhiteTeam "Alba"]
[BlackTeam "Northumbria Vikings"]

1. e4 e5 2. Nf3 Nc6 3. Bb5 a6 4. Ba4 Nf6 5. O-O Be7 6. Bxc6 dxc6 7. d3 Nd7 8.
Nbd2 O-O 9. Nc4 f6 10. Nh4 Nc5 11. Nf5 Bxf5 12. exf5 Qd7 13. Qf3 Qd5 14. Qg4
Rfe8 15. Be3 e4 16. Rad1 exd3 17. Bxc5 Bxc5 18. Rxd3 Qe4 19. Qxe4 Rxe4 20. Nd2
Re2 21. Nb3 Bb6 22. c4 Re5 23. g4 a5 24. c5 Bxc5 25. Nxc5 Rxc5 26. Rd7 Rc8 27.
Re1 Rd5 28. Ree7 Rxd7 29. Rxd7 a4 30. a3 b5 31. Kg2 c5 32. Rd5 Kf7 33. Kf3 Ke7
34. Ke4 c6 35. Rxc5 Kd6 36. Rc2 c5 37. Rd2+ Kc6 38. h4 Re8+ 39. Kf4 h6 40. g5
hxg5+ 41. hxg5 b4 42. axb4 cxb4 43. Kg4 Re1 44. Kh5 fxg5 45. Kg6 Re7 46. f6
gxf6 47. Kxf6 Re1 48. Kxg5 b3 49. f4 Rc1 50. f5 Rc2 51. Rd4 Rg2+ 52. Kh6 Kb5
53. f6 Rxb2 54. Rf4 Rc2 55. f7 Rc8 56. Re4 Rf8 57. Kg7 Rxf7+ 58. Kxf7 b2 59.
Re8 a3 60. Rb8+ Kc4 61. Ke6 Kc3 62. Ra8 Kb3 63. Rb8+ Ka2 64. Kd5 b1=Q 65. Rxb1
Kxb1 66. Kc4 a2 0-1

[Event "4NCL Online Division 1"]
[Site "online"]
[Date "2020.04.14"]
[Round "2.12"]
[White "Moreby, James"]
[Black "Green, Andrew D"]
[Result "1-0"]
[WhiteElo "2365"]
[BlackElo "2154"]
[PlyCount "103"]
[EventDate "2020.04.14"]
[WhiteTeam "Northumbria Vikings"]
[BlackTeam "Alba"]

1. e4 c5 2. Nf3 g6 3. d4 cxd4 4. Nxd4 Nc6 5. Nc3 Bg7 6. Be3 Nf6 7. f3 O-O 8.
Qd2 d5 9. Nxc6 bxc6 10. O-O-O Qc7 11. Bh6 dxe4 12. Bxg7 Kxg7 13. Nxe4 Nxe4 14.
fxe4 Bg4 15. Qc3+ f6 16. Re1 e5 17. Bc4 Rad8 18. h3 Bc8 19. Rd1 Qb6 20. Qa3 c5
21. Bd5 Ba6 22. Rhe1 Rd6 23. Re3 Qb4 24. Qxb4 cxb4 25. a3 bxa3 26. Rxa3 Rc8 27.
b4 Rc7 28. Kb2 f5 29. Rda1 fxe4 30. c4 Rxc4 31. Bxc4 Bxc4 32. Rxa7+ Kf6 33. Re1
Rd4 34. Rxh7 Bd3 35. Rb7 Kg5 36. g3 Rc4 37. Re3 Rc2+ 38. Kb3 Rh2 39. h4+ Kf5
40. b5 Ke6 41. b6 Rh1 42. Ka2 Rh2+ 43. Ka3 Rh1 44. Rg7 Ra1+ 45. Kb2 Rb1+ 46.
Ka2 Rb5 47. Rxg6+ Kd5 48. h5 Kd4 49. h6 Bc4+ 50. Ka3 Rb1 51. h7 Kc5 52. h8=Q
1-0

[Event "4NCL Online Division 1"]
[Site "online"]
[Date "2020.04.14"]
[Round "2.13"]
[White "Grove, Michael"]
[Black "Walker, David J"]
[Result "1/2-1/2"]
[WhiteElo "2119"]
[BlackElo "2275"]
[PlyCount "84"]
[EventDate "2020.04.14"]
[WhiteTeam "Alba"]
[BlackTeam "Northumbria Vikings"]

1. e4 e6 2. Nf3 d5 3. e5 c5 4. b4 b6 5. bxc5 bxc5 6. Bb5+ Bd7 7. Bd3 Nc6 8. O-O
Nge7 9. Re1 Ng6 10. Nc3 d4 11. Bxg6 hxg6 12. Ne4 Qc7 13. Ng3 Nb4 14. d3 Ba4 15.
Re2 Nd5 16. Qd2 Be7 17. Ne4 O-O 18. c4 dxc3 19. Nxc3 Bc6 20. Ba3 Nxc3 21. Qxc3
Bxf3 22. gxf3 Rfd8 23. Re4 Rac8 24. Rc4 Qb7 25. Kg2 Qd5 26. Rc1 Qxd3 27. Qxd3
Rxd3 28. Bxc5 Bxc5 29. Rxc5 Rxc5 30. Rxc5 Kf8 31. Ra5 Rd7 32. Kg3 Ke8 33. f4
Kd8 34. Rc5 Rc7 35. Rb5 Kc8 36. Rb3 Rc2 37. Ra3 Kb7 38. Rb3+ Kc7 39. Ra3 Kb6
40. Rb3+ Kc7 41. Ra3 Kb6 42. Rb3+ Kc7 1/2-1/2

[Event "4NCL Online Division 1"]
[Site "online"]
[Date "2020.04.14"]
[Round "2.14"]
[White "Turner, Max N"]
[Black "White, Stuart A"]
[Result "1-0"]
[WhiteElo "2342"]
[BlackElo "2037"]
[PlyCount "81"]
[EventDate "2020.04.14"]
[WhiteTeam "Northumbria Vikings"]
[BlackTeam "Alba"]

1. d4 Nf6 2. c4 e6 3. Nc3 Bb4 4. Qc2 O-O 5. a3 Bxc3+ 6. Qxc3 d5 7. e3 Nbd7 8.
Bd3 c5 9. dxc5 Nxc5 10. b4 Nxd3+ 11. Qxd3 dxc4 12. Qxc4 a5 13. Bb2 axb4 14. Rd1
Qe7 15. Bxf6 Qxf6 16. Qxb4 Qg6 17. Qe7 Bd7 18. Ne2 Bb5 19. Qxb7 Bxe2 20. Kxe2
Rxa3 21. Qb2 Qh5+ 22. f3 Qc5 23. Rd3 Rxd3 24. Kxd3 Rd8+ 25. Ke2 h5 26. Rc1 Qg5
27. Kf2 Rd3 28. Qe2 Qd5 29. Rc2 g6 30. Ke1 Qd6 31. f4 Qb4+ 32. Kf2 Rd5 33. h3
h4 34. Qg4 Qb3 35. Rc8+ Kg7 36. Qxh4 Rd2+ 37. Kg3 Qxe3+ 38. Kh2 Rxg2+ 39. Kxg2
Qe2+ 40. Qf2 Qe4+ 41. Qf3 1-0